[Event "Arber Seniors op 6th"]
[Site "Bayerisch Eisenstein"]
[Date "2018.07.29"]
[Round "2"]
[White "Schmid, Johann"]
[Black "Gross Winter, Guenter"]
[Result "0-1"]
[WhiteElo "1886"]
[BlackElo "1577"]
[PlyCount "72"]
[EventDate "2018.07.28"]
[EventType "swiss"]
[EventRounds "9"]
[EventCountry "GER"]
[SourceTitle "CBM 185 Extra"]
[Source "ChessBase"]
[SourceDate "2018.07.29"]
[SourceVersion "1"]
[SourceVersionDate "2018.07.29"]
[SourceQuality "1"]

1. d4 Nf6 2. Nf3 e6 3. Bf4 d5 4. e3 c5 5. c3 Nc6 6. Nbd2 Bd6 7. Bg3 0-0 8. Bd3 Qc7 9. Ne5 Nxe5 10. dxe5 Bxe5 11. Nf3 Bd6 12. Qc2 e5 13. Be2 Bg4 14. h3 Bh5 15. 0-0 Bg6 16. Qb3 c4 17. Qd1 Rad8 18. Re1 h6 19. a4 a6 20. a5 e4 21. Bxd6 Qxd6 22. Nd4 Rfe8 23. Ra4 Qc7 24. Qa1 Nd7 25. Rd1 Nc5 26. Ra3 Nd3 27. b4 f5 28. b5 f4 29. Bg4 Qe5 30. bxa6 fxe3 31. fxe3 Qg3 32. Rxd3 exd3 33. Be6+ Rxe6 34. Nxe6 Qxe3+ 35. Kh1 Qxe6 36. axb7 d2 0-1

[Event "GER CM05-A email"]
[Site "GER email"]
[Date "2018.06.19"]
[Round "?"]
[White "Ilyasov, Anatoly Fedorovich"]
[Black "Gross Winter, Guenter"]
[Result "1/2-1/2"]
[WhiteElo "2385"]
[BlackElo "2367"]
[PlyCount "83"]
[EventDate "2018.??.??"]
[EventType "tourn (corr)"]
[EventRounds "10"]
[EventCountry "GER"]
[SourceTitle "Corr 2020"]
[Source "ChessBase"]
[SourceDate "2019.09.30"]
[SourceVersion "1"]
[SourceVersionDate "2019.09.30"]
[SourceQuality "1"]

1. e4 e5 2. Nf3 Nc6 3. Bb5 Nf6 4. d3 Bc5 5. c3 0-0 6. 0-0 d6 7. h3 Ne7 8. d4 Bb6 9. Re1 Ng6 10. Bd3 c6 11. Nbd2 Re8 12. Nf1 d5 13. Bg5 dxe4 14. Rxe4 exd4 15. Rxe8+ Qxe8 16. Bxf6 gxf6 17. Nxd4 Qe5 18. Qc2 Bxd4 19. cxd4 Qxd4 20. Rd1 Qe5 21. Bc4 Be6 22. Bxe6 Qxe6 23. Ng3 Re8 24. Qd2 Qe5 25. Qd7 Qe7 26. b3 Qxd7 27. Rxd7 Re7 28. Rd8+ Nf8 29. f4 Re1+ 30. Kh2 Ra1 31. a4 Ra3 32. h4 Rxb3 33. h5 Rb4 34. Nf5 Rxf4 35. Ne7+ Kg7 36. h6+ Kxh6 37. Rxf8 Rxa4 38. Rg8 Kh5 39. Kh3 Ra3+ 40. g3 Re3 41. Nf5 Rb3 42. Ng7+ 1/2-1/2